Zwycięzcy lig europejskich 22/23 - Statystyki

Ogólne statystyki
  • Ten quiz został rozwiązany 76 razy
  • Średni wynik to 13 z 21
Statystyki odpowiedzi
Wskazówka Odpowiedz % Poprawnych
Premier league Manchester City
98%
La Liga FC Barcelona
97%
Bundesliga Bayern
95%
Ligue 1 PSG
95%
Seria A Napoli
90%
Ekstraklasa Raków Częstochowa
89%
Scottish Premiership Celtic
87%
česká fotbalová liga Sparta Praga
75%
Liga Nos Benfica
73%
Eredivisie Feyenoord
71%
Super Lig Galatasaray
71%
AustriackaBundesliga RB Salzburg
68%
Super liga Srbije Crvena Zvezda
56%
Swiss super league Young Boys
54%
Eliteserien Bodo Glimt
46%
Prva hrvatskanogometna liga
Dinamo Zagrzeb
44%
Superligaen FC Kopenhaga
37%
Pro league Royal Antwerp
33%
Premier Liha Szachtar
29%
Superleague Ellada AEK Ateny
24%
Ligat ha’Al Maccabi Haifa
10%
Nie znaleziono quizów pasujących do podanych kryteriów
Rozkład punktacji
Procent ludzi z każdym wynikiem
Percentyl według liczby udzielonych odpowiedzi
Twoja historia wyników
Nie rozwiązałeś tego quizu